Paroles - Je serai (ta meilleure amie) - Lorie - Statistiques

Statistiques générales
  • Ce quiz a été pris 542 fois
  • Le résultat moyen est 129 sur 155
Statistiques - réponses
Paroles % Correct
à
99%
se
99%
Je
98%
je
98%
amie
97%
amie...
97%
là,
97%
la
97%
meilleure
97%
serai
96%
serai,
96%
ta
96%
Ta
96%
toi
96%
toi,
96%
tu
96%
pour
95%
Pour
95%
toujours
95%
94%
ou
94%
Même
93%
même
93%
un
93%
Un
93%
de
92%
peu
92%
si
89%
ça
88%
Le
88%
que
87%
bohème
86%
des
86%
nous
86%
te
86%
On
85%
on
85%
moi
84%
resterai,
84%
resterai
84%
vie
84%
Car
83%
en
82%
N'importe
82%
voudras
82%
quand
81%
sépare
81%
Ma
80%
Comme
79%
dans
79%
au
78%
C'est
78%
connait
78%
depuis
78%
Et
78%
et
78%
faire
78%
qui
78%
rien
78%
sais
78%
Prête
77%
Tout
77%
tout
77%
folies
76%
lis
75%
livre
75%
souvent
75%
temps
75%
coeur
74%
ouvert
74%
quelque
74%
vrai,
73%
découvert
72%
ne
72%
fragile
71%
Tous
71%
garçon
70%
hasard
70%
l'espoir
70%
nos
70%
sens
70%
J'ai
69%
redonnera
69%
Celle
68%
fois
68%
laissera
68%
parle
68%
qu'on
68%
Qu'on
68%
secrets
68%
dise
65%
envie
65%
moindres
64%
chamaille
63%
parlait
63%
détail
59%
est
55%
bien
50%
ensemble
45%
ressemble,
45%
l'impression
43%
donne
27%
Aucun quiz correspondant
Distribution des résultats
% des personnes avec chaque résultat
Percentile par nombre de réponses
Votre historique - résultats
Vous n’avez pas pris ce quiz